Countries by their neighbours' language - Statistics

General Stats
  • This quiz has been taken 11 times
  • The average score is 9 of 12
Answer Stats
Hint 1 Hint 2 Searched country by that name % Correct
Francia Frankrijk France
100%
ভারত 印度 India
90%
Maqedonise Македоније Macedonia
90%
Les États-Unis Estados Unidos America USA
90%
Qozog'iston Казакстан Kazakhstan
80%
ⵎⴻⵔⵔⵓⴽ Marruecos Morocco
80%
מִצְרַיִם مصر Egypt
70%
నేపాల్ 尼泊尔 Nepal
70%
Румунія Румунија Romania
70%
إسرائيل فلسطين Israel
60%
فلسطين פַּלֶשְׂתִינָה Palestine
40%
馬來西亞 மலேசியா Malaysia
30%
No matching quizzes found
Score Distribution
Percent of People with Each Score
Percentile by Number Answered
Your Score History
You have not taken this quiz